000 01587nim a2200373 i 4500
001 197174
003 ES-MaACL
005 20250828062551.0
007 ss lsnjlcipnne
008 290425s1990 sp nnnn |||| 00| spa d
040 _bspa
_cES-MaACL
100 1 _aGarcía Calvo, Agustín,
_d1926-2012
_eaut
_9233841
245 0 0 _aTiempo de que hablamos, tiempo en que hablamos
_h[Grabación sonora] :
_bsegunda conferencia del ciclo "El mundo, hoy" /
_cpor Agustín García Calvo
260 _aMadrid :
_bAteneo de Madrid,
_c1990
300 _a3 casetes (ca. 270 min) :
_bson. ;
_c11 cm
490 1 _3Actos culturales en el Ateneo de Madrid
518 _aGrabado el 29 de marzo de 1990 en el Salón de Actos del Ateneo de Madrid.
520 _aConferencia enmarcada dentro del ciclo "El mundo, hoy" que abarca los días 19 y 29 de marzo, 2, 5 y 16 de junio.
540 _aDocumento inédito
594 _5Datos basados en la invitación.
610 2 0 _aAteneo de Madrid-
_xActos culturales-
_y1990-
_vGrabaciones sonoras
_9240083
650 7 _aFilosofía
_2embne
_912802
653 _aArchivo de la palabra
655 0 _aConferencias
_9234444
700 _aCimorra Yuste, Fernando
_9240206
_epres
710 2 _aAteneo de Madrid.
_ehis
_91992
_bSección de Filosofía
830 0 _aActos culturales en el Ateneo de Madrid
_9240237
852 _aES-MaACL
_cDEPOZ
_9205222
_pCinta 1
852 _aES-MaACL
_cDEPOZ
_9205223
_pCinta 2
852 _aES-MaACL
_cDEPOZ
_9205224
_pCinta 3
942 _2udc
_n0
_cCINTASAUD
999 _c197174
_d197174